000 00597nam a2200241Ia 4500
003 OSt
005 20220924145908.0
006 a|||||r|||| 00| 0
007 ta
008 220923b |||||||| |||| 00| 0 tel d
020 _c10.00
024 _a330736
037 _cTextual
040 _aARTS
_cARTS
_btel
041 _2tel
_atel
082 _a0152,3N221,3, 35M2
100 _aNanda Au.
_9220804
245 0 _aKalankini
260 _c1982
650 _aHINDI LITERATURE
_923866
942 _h0152,3N221,3, 35M2
_cTEXL
_2CC
999 _c461510
_d461510